Central Library OPAC University of Rajshahi

Rise and growth of Indian militant nationalism / (Record no. 36203)

MARC details
000 -LEADER
fixed length control field 00659nam a2200229 a 4500
001 - CONTROL NUMBER
control field 36203
003 - CONTROL NUMBER IDENTIFIER
rucl marc code BD-RjUL
005 - DATE AND TIME OF LATEST TRANSACTION
control field 20211209052441.0
008 - FIXED-LENGTH DATA ELEMENTS--GENERAL INFORMATION
fixed length control field 140618s1940 ii 000 0 eng d
035 ## - SYSTEM CONTROL NUMBER
System control number (BD-RjUL)36300
040 ## - CATALOGING SOURCE
Original cataloging agency DLC
Transcribing agency CIN
Modifying agency TJC
-- BD-RjUL
Language of cataloging eng
041 ## - LANGUAGE CODE
Language code of text/sound track or separate title eng
082 ## - DEWEY DECIMAL CLASSIFICATION NUMBER
Classification number 320.954
Author mark and year BUR 1940
100 1# - MAIN ENTRY--PERSONAL NAME
Personal name Buch, M. A.
Fuller form of name (Maganlal Amritlal)
9 (RLIN) 110174
245 10 - TITLE STATEMENT
Title Rise and growth of Indian militant nationalism /
Statement of responsibility, etc. by M.A. Buch
250 ## - EDITION STATEMENT
Edition statement 1st ed.
260 ## - PUBLICATION, DISTRIBUTION, ETC. (IMPRINT)
Place of publication, distribution, etc. Baroda :
Manufacturer Atamaram Printing Press,
Date of publication, distribution, etc. 1940.
300 ## - PHYSICAL DESCRIPTION
Pagination [8], 206 p. ;
Size 26 cm.
650 #0 - SUBJECT ADDED ENTRY--TOPICAL TERM
Topical term or geographic name as entry element Nationalism
Geographic subdivision India.
9 (RLIN) 110176
942 ## - ADDED ENTRY ELEMENTS (KOHA)
Source of classification or shelving scheme Dewey Decimal Classification
Koha item type Books
Holdings
Lost status Source of classification or shelving scheme Damaged status Not for loan Collection code Permanent Location Current Location Shelving location Date acquired Source of acquisition Total Checkouts Full call number Date last seen Copy number Koha item type Cost, normal purchase price
  Dewey Decimal Classification     Non-fiction Central Library, University of Rajshahi Central Library, University of Rajshahi   30/06/1945 zeetlinger   320.954 BUR 1940 18/06/2014 C-3 Books  
  Dewey Decimal Classification     Non-fiction Central Library, University of Rajshahi Central Library, University of Rajshahi   30/06/1945 zeetlinger   320.954 BUR 1940 18/06/2014 C-4 Books  
  Dewey Decimal Classification   Not For Loan Rare Books Central Library, University of Rajshahi Central Library, University of Rajshahi Rare Book Section 13/05/1989 zeetlinger   RA 320.954 BUR 1940 18/06/2014 C-1 Books 76.00
  Dewey Decimal Classification     Non-fiction Central Library, University of Rajshahi Central Library, University of Rajshahi   13/05/1989 Zeitlinger   320.954 BUR 1940 28/05/2016 C-2 Books 76.00
  Dewey Decimal Classification     Non-fiction Central Library, University of Rajshahi Central Library, University of Rajshahi   04/02/2019     320.954 BUR 1940 04/02/2019 C-5 Books